000 01195nam a22002777a 4500
003 OSt
005 20260421022527.0
008 250323b ||||| |||| 00| 0 eng d
040 _bEnglish.
_cCvSU-CCAT Campus Library.
_erda.
050 _aUM TJ 1195
_bB37 2008
100 _aBartolome, Michael Joseph M., author.
_915404
245 _aImprovised cylindrical pipe vise : a technical feasibility study /
_cMichael Joseph M. Bartolome, Vermon A. Torres, Neptali R. De Guia.
260 _aRosario, Cavite :
_bCavite State University-CCAT Campus,
_c2008
300 _aix, 38 leaves :
_billustrations ;
_c28 cm
500 _aUndergraduate Thesis (BSIT Mechanical Technology) -- Cavite State University-CCAT Campus, 2008.
504 _aIncludes bibliographical references and appendices.
546 _aIn English text
650 0 _aPipe vises
_920569
650 0 _aTool design
_920182
650 0 _aMachine-shop practice
_94085
700 _aTorres, Vermon A., author.
_915409
700 _aDe Guia, Neptali R., author.
_915410
700 _aAlvarez, Nestor M., adviser.
_95915
942 _2lcc
_cT/M/D
_hTJ 1313 B37 2008
_kUM
999 _c3971
_d3971